000 00861nas a2200277 4500
001 BR0104386
003 BR-BrBNA
005 20231205102656.0
007 ta
008 230509b bl.|||p| |||| 00| 00por d
040 _aBR-BrBNA
_bpor
_cBiblioteca Nacional de Agricultura
041 _a(Pt)
072 _aK50
100 1 _aAlbuquerque, C.E.C. de
100 1 _aPio, N. da S.
100 1 _aIwakiri, S.
100 1 _aTomaselli, I.
100 1 _aKeinert Junior, S.
245 1 _aDiagnóstico da variação do conteúdo de umidade da madeira no processo de produção de chapas de madeira aglomerada
650 _aMadeira
650 _aUmidade
650 _aChapa de Fibra
773 0 _tFloresta e Ambiente (Brazil)
_xISSN 1415-0980
_g(Jan-Dec 2000), v.7(1) p. 121-128
_wBR0104386
909 _a202311
_bLúcia
_c55
_dLúcia Elande
942 _2AGRIS
_n0
_cANA
999 _c168757
_d168757